[Event "Chessable Masters Play In"]
[Site "Chess.com INT"]
[Date "2024.01.31"]
[Round "1"]
[White "Dominguez Perez, Leinier"]
[Black "Salinas Herrera, Pablo Patricio"]
[Result "1-0"]
[WhiteElo "2752"]
[BlackElo "2477"]
[PlyCount "125"]
[EventDate "2024.01.31"]
[EventType "swiss (rapid)"]
[EventRounds "9"]
[EventCountry "USA"]
[SourceTitle "CB06_2024"]
[SourceDate "2024.02.07"]
[SourceVersion "1"]
[SourceVersionDate "2024.02.07"]
[SourceQuality "1"]

1. e4 e5 2. Nf3 Nc6 3. Bb5 a6 4. Ba4 Nf6 5. 0-0 d6 6. Re1 Bd7 7. c3 g6 8. d4 Bg7 9. h3 0-0 10. Bc2 Re8 11. d5 Ne7 12. c4 Nh5 13. Nc3 h6 14. Rb1 Rf8 15. b4 f5 16. exf5 Nxf5 17. Ne4 Nh4 18. Nxh4 Qxh4 19. Rb3 Nf4 20. Rg3 g5 21. c5 Rad8 22. cxd6 cxd6 23. Be3 Bf5 24. Bb6 Rc8 25. Bb1 Bxe4 26. Bxe4 Rc4 27. Qb1 Rfc8 28. Kh2 Qh5 29. Bf5 Qf7 30. Bxc8 Rxc8 31. Rf3 Qxd5 32. Rd1 Qc6 33. Be3 e4 34. Rc1 Bc3 35. Rxf4 gxf4 36. Bd4 Bxd4 37. Rxc6 Rxc6 38. Qxe4 Be5 39. Qg6+ Bg7 40. Qe6+ Kh7 41. Qe4+ Kh8 42. h4 Be5 43. Qg6 Bg7 44. Qe8+ Kh7 45. Qe4+ Kh8 46. Kh3 Rc3+ 47. Kg4 b5 48. Kh5 Rc8 49. Qxf4 Rd8 50. Kg6 d5 51. Qc7 Rg8 52. Qd7 d4 53. f4 Be5+ 54. Kf5 Bg7 55. g4 Rf8+ 56. Ke4 Bf6 57. g5 Rd8 58. Qc7 Re8+ 59. Kf5 Bg7 60. Kg6 Re6+ 61. Kh5 Re8 62. Qd7 Rf8 63. f5 1-0

[Event "Chessable Masters Play In"]
[Site "Chess.com INT"]
[Date "2024.01.31"]
[Round "3"]
[White "Dominguez Perez, Leinier"]
[Black "Tari, Aryan"]
[Result "1-0"]
[WhiteElo "2752"]
[BlackElo "2623"]
[PlyCount "59"]
[EventDate "2024.01.31"]
[EventType "swiss (rapid)"]
[EventRounds "9"]
[EventCountry "USA"]
[SourceTitle "CB06_2024"]
[SourceDate "2024.02.07"]
[SourceVersion "1"]
[SourceVersionDate "2024.02.07"]
[SourceQuality "1"]

1. e4 e5 2. Nf3 Nc6 3. Bb5 Nge7 4. Nc3 Ng6 5. d4 exd4 6. Nxd4 Nxd4 7. Qxd4 c6 8. Be2 Qb6 9. Be3 Qxd4 10. Bxd4 Nf4 11. 0-0-0 b5 12. Be5 Ne6 13. Bd6 Be7 14. e5 f5 15. exf6 Bxd6 16. Rxd6 gxf6 17. Bg4 Ke7 18. Rhd1 Nf4 19. g3 b4 20. Rxd7+ Bxd7 21. Rxd7+ Kf8 22. Ne4 Nd5 23. Nc5 Ne7 24. Bh5 Ng6 25. Ne6+ Ke8 26. Rb7 Rc8 27. f4 f5 28. Ng7+ Kd8 29. Ne6+ Ke8 30. g4 1-0

[Event "Titled Tuesday intern op 23rd Jan Late"]
[Site "Chess.com INT"]
[Date "2024.01.23"]
[Round "4"]
[White "Dominguez Perez, Leinier"]
[Black "Vestby Ellingsen, Mads"]
[Result "1-0"]
[WhiteElo "2752"]
[BlackElo "2329"]
[PlyCount "87"]
[EventDate "2024.01.23"]
[EventType "swiss (blitz)"]
[EventRounds "11"]
[EventCountry "USA"]
[SourceTitle "CB05_2024"]
[SourceDate "2024.01.31"]
[SourceVersion "1"]
[SourceVersionDate "2024.01.31"]
[SourceQuality "1"]

1. e4 c6 2. d4 d5 3. e5 c5 4. Nf3 cxd4 5. Nxd4 Nc6 6. Nxc6 bxc6 7. Bd3 Ba6 8. 0-0 Bxd3 9. cxd3 e6 10. Qa4 Qd7 11. Be3 c5 12. Qa5 d4 13. Bg5 h6 14. Bh4 Ne7 15. Nd2 Nf5 16. Bg3 Be7 17. Ne4 0-0 18. Rac1 Rfb8 19. b3 Qd5 20. Nxc5 Nxg3 21. hxg3 Qxe5 22. Rfe1 Qd5 23. b4 Rb6 24. Rc4 Bxc5 25. Rxc5 Qb7 26. Rc4 Ra6 27. Qe5 Rxa2 28. Rxd4 Qb6 29. Ree4 Rc8 30. Rg4 g6 31. Qf6 Qc7 32. Rxg6+ fxg6 33. Qxg6+ Kh8 34. Qxh6+ Qh7 35. Qf6+ Qg7 36. Rh4+ Kg8 37. Qxe6+ Qf7 38. Qxc8+ Kg7 39. Qg4+ Kf8 40. Rh8+ Ke7 41. Qe4+ Kd6 42. Rh6+ Kc7 43. Qc6+ Kd8 44. Qd6+ 1-0

[Event "Titled Tuesday intern op 16th Jan Late"]
[Site "Chess.com INT"]
[Date "2024.01.16"]
[Round "10"]
[White "Dominguez Perez, Leinier"]
[Black "Erigaisi, Arjun Kumar"]
[Result "0-1"]
[WhiteElo "2752"]
[BlackElo "2738"]
[PlyCount "68"]
[EventDate "2024.01.16"]
[EventType "swiss (blitz)"]
[EventRounds "11"]
[EventCountry "USA"]
[SourceTitle "CB04_2024"]
[SourceDate "2023.10.16"]
[SourceVersion "1"]
[SourceVersionDate "2023.10.16"]
[SourceQuality "1"]

1. e4 c6 2. d4 d5 3. e5 Bf5 4. Nf3 e6 5. Be2 c5 6. Be3 cxd4 7. Nxd4 Ne7 8. Nd2 Nbc6 9. N2f3 Be4 10. 0-0 Bxf3 11. Nxf3 Nf5 12. Bf4 Bc5 13. Bd3 Nh4 14. c3 a6 15. a3 Nxf3+ 16. Qxf3 g5 17. Bg3 h5 18. h3 g4 19. hxg4 Qg5 20. Qf4 Qxg4 21. Qxg4 hxg4 22. Be2 Ke7 23. b4 Ba7 24. Bf4 Rag8 25. g3 Bb8 26. c4 dxc4 27. Bxc4 Bxe5 28. Rac1 Bxf4 29. gxf4 g3 30. Kg2 Rh2+ 31. Kf3 Nd4+ 32. Ke3 Nf5+ 33. Ke2 Rc8 34. Rc3 b5 0-1

[Event "Titled Tuesday intern op 16th Jan Late"]
[Site "Chess.com INT"]
[Date "2024.01.16"]
[Round "4"]
[White "Dominguez Perez, Leinier"]
[Black "Firouzja, Alireza"]
[Result "1-0"]
[WhiteElo "2752"]
[BlackElo "2759"]
[PlyCount "105"]
[EventDate "2024.01.16"]
[EventType "swiss (blitz)"]
[EventRounds "11"]
[EventCountry "USA"]
[SourceTitle "CB04_2024"]
[SourceDate "2023.10.16"]
[SourceVersion "1"]
[SourceVersionDate "2023.10.16"]
[SourceQuality "1"]

1. e4 c5 2. Nf3 d6 3. d4 cxd4 4. Nxd4 Nf6 5. Nc3 a6 6. Be3 e5 7. Nb3 Be7 8. f3 Be6 9. Qd2 Nbd7 10. g4 b5 11. g5 Nh5 12. 0-0-0 0-0 13. Kb1 Nb6 14. Na5 Qc7 15. a3 Rac8 16. h4 Ng3 17. Rg1 Nxf1 18. Rgxf1 Na4 19. Nd5 Bxd5 20. exd5 Qd7 21. f4 exf4 22. Rxf4 f6 23. Nc6 fxg5 24. Rxf8+ Bxf8 25. hxg5 Qf5 26. b3 Nc5 27. Bxc5 dxc5 28. d6 Rxc6 29. d7 Be7 30. d8Q+ Bxd8 31. Qxd8+ Kf7 32. Rd7+ Kg6 33. Qe8+ Kxg5 34. Rxg7+ Rg6 35. Rxh7 Re6 36. Qh5+ Kf4 37. Rf7 Rf6 38. Qh4+ Ke5 39. Qg3+ Ke6 40. Ra7 Kd5 41. Qg2+ Ke5 42. Qe2+ Kf4 43. Re7 Kg3 44. Re3+ Kh4 45. Qh2+ Kg5 46. Rg3+ Qg4 47. Rxg4+ Kxg4 48. Qg2+ Kf5 49. Qd5+ Kf4 50. Qxc5 Rf5 51. Qd4+ Kf3 52. Kb2 Rf4 53. Qd3+ 1-0

[Event "Titled Tuesday intern op 16th Jan Early"]
[Site "Chess.com INT"]
[Date "2024.01.16"]
[Round "7"]
[White "Martinez Pla, Xavier"]
[Black "Dominguez Perez, Leinier"]
[Result "0-1"]
[WhiteElo "2251"]
[BlackElo "2752"]
[PlyCount "94"]
[EventDate "2024.01.16"]
[EventType "swiss (blitz)"]
[EventRounds "11"]
[EventCountry "USA"]
[SourceTitle "CB04_2024"]
[SourceDate "2023.10.16"]
[SourceVersion "1"]
[SourceVersionDate "2023.10.16"]
[SourceQuality "1"]

1. e4 c5 2. Nf3 d6 3. Bb5+ Nd7 4. a4 Ngf6 5. Nc3 a6 6. Be2 b6 7. d4 cxd4 8. Nxd4 Bb7 9. f3 e6 10. 0-0 Be7 11. Be3 0-0 12. Qd2 Rc8 13. Rad1 Qc7 14. Nb3 Rfe8 15. Rfe1 Qb8 16. Bf1 Bd8 17. Qf2 Bc7 18. g3 h5 19. Bg2 Ba8 20. Nd4 Ne5 21. Bg5 Nh7 22. Bc1 Nf6 23. Bg5 Bd8 24. h3 Rxc3 25. bxc3 Nxe4 26. fxe4 Bxg5 27. Nf3 Bf6 28. Nd4 Qc7 29. Re3 Bg5 30. Ree1 Qxc3 31. Nf3 Bf6 32. Nxe5 Bxe5 33. Bf3 g6 34. Rf1 Qc7 35. Rd3 Bc6 36. g4 hxg4 37. hxg4 Bxa4 38. c4 b5 39. Be2 bxc4 40. Rf3 Re7 41. Qh4 Bc2 42. Rh3 Qa7+ 43. Rf2 Bxe4 44. Kf1 Bg7 45. Qh7+ Kf8 46. Qh4 Qd4 47. Qg5 Qa1+ 0-1

[Event "Titled Tuesday intern op 16th Jan Late"]
[Site "Chess.com INT"]
[Date "2024.01.16"]
[Round "2"]
[White "Sivakumar, Shaaketh"]
[Black "Dominguez Perez, Leinier"]
[Result "0-1"]
[WhiteElo "2364"]
[BlackElo "2752"]
[PlyCount "38"]
[EventDate "2024.01.16"]
[EventType "swiss (blitz)"]
[EventRounds "11"]
[EventCountry "USA"]
[SourceTitle "CB04_2024"]
[SourceDate "2023.10.16"]
[SourceVersion "1"]
[SourceVersionDate "2023.10.16"]
[SourceQuality "1"]

1. Nf3 Nf6 2. g3 c5 3. Bg2 Nc6 4. 0-0 e5 5. c4 d5 6. cxd5 Nxd5 7. Nc3 Be6 8. a3 Be7 9. e3 0-0 10. d3 Qd7 11. Qe2 Rfd8 12. Rd1 Rac8 13. Bd2 f6 14. Rac1 b6 15. Be1 Nxc3 16. Bxc3 Bb3 17. Rd2 Nd4 18. exd4 cxd4 19. Bxd4 Rxc1+ 0-1

[Event "Titled Tuesday intern op 16th Jan Early"]
[Site "Chess.com INT"]
[Date "2024.01.16"]
[Round "11"]
[White "Urazayev, Arystanbek"]
[Black "Dominguez Perez, Leinier"]
[Result "0-1"]
[WhiteElo "2476"]
[BlackElo "2752"]
[PlyCount "78"]
[EventDate "2024.01.16"]
[EventType "swiss (blitz)"]
[EventRounds "11"]
[EventCountry "USA"]
[SourceTitle "CB04_2024"]
[SourceDate "2023.10.16"]
[SourceVersion "1"]
[SourceVersionDate "2023.10.16"]
[SourceQuality "1"]

1. e4 c5 2. Nf3 d6 3. d4 cxd4 4. Nxd4 Nf6 5. Nc3 a6 6. Be2 e5 7. Nb3 Be6 8. Be3 Nbd7 9. 0-0 Rc8 10. Re1 Be7 11. a4 Nb6 12. a5 Nc4 13. Bxc4 Rxc4 14. Nd2 Rc6 15. Nf1 0-0 16. Bb6 Qc8 17. Ne3 Bd8 18. Ned5 Bxd5 19. Bxd8 Rxd8 20. exd5 Rc5 21. Ra3 Qc7 22. Qd2 Rxa5 23. Ne4 Rxa3 24. Nxf6+ gxf6 25. bxa3 Rc8 26. Qh6 Qxc2 27. Qxf6 Qg6 28. Qe7 Rc3 29. a4 Rb3 30. h4 h6 31. h5 Qf5 32. Qxd6 Rb2 33. Qc5 Rd2 34. d6 Kg7 35. Rxe5 Rd1+ 36. Kh2 Qf4+ 37. g3 Qf3 38. Re1 Rxe1 39. Qc3+ Qxc3 0-1

[Event "Sinquefield Cup 10th"]
[Site "Saint Louis"]
[Date "2023.11.25"]
[Round "5"]
[White "Dominguez Perez, Leinier"]
[Black "So, Wesley"]
[Result "1/2-1/2"]
[WhiteElo "2745"]
[BlackElo "2752"]
[PlyCount "162"]
[EventDate "2023.11.21"]
[EventType "tourn"]
[EventRounds "9"]
[EventCountry "USA"]
[EventCategory "21"]
[SourceTitle "CB49_2023"]
[SourceDate "2023.12.06"]
[SourceVersion "1"]
[SourceVersionDate "2023.12.06"]
[SourceQuality "1"]

1. e4 e5 2. Nf3 Nc6 3. Bb5 Nf6 4. 0-0 Nxe4 5. d4 Nd6 6. Bxc6 dxc6 7. dxe5 Nf5 8. Qxd8+ Kxd8 9. h3 Ke8 10. Nc3 b6 11. Rd1 Bb4 12. Ne2 Bb7 13. Ned4 Nxd4 14. Nxd4 Rg8 15. Bf4 g5 16. Bg3 Rd8 17. e6 Bc5 18. c3 Bxd4 19. exf7+ Kxf7 20. cxd4 Rd7 21. Be5 h5 22. Re1 Re8 23. Re3 c5 24. dxc5 Kg6 25. Rc1 Bd5 26. a3 g4 27. cxb6 cxb6 28. Kh2 Kf5 29. Bd4 Re4 30. Rxe4 Kxe4 31. Be3 Be6 32. hxg4 hxg4 33. Kg3 Rd3 34. Rc7 Rb3 35. Rxa7 Rxb2 36. Ra6 Rb3 37. Kh4 Bc8 38. Ra8 Be6 39. Ra6 Bc8 40. Ra8 Be6 41. a4 Rb4 42. Kg5 Kd5 43. g3 Bd7 44. Ra7 Ke6 45. Bf4 Rxa4 46. Rb7 Ke7 47. Rxb6 Ra5+ 48. Kg6 Bf5+ 49. Kg7 Be4 50. Bd6+ Kd7 51. Bb4 Rf5 52. Rd6+ Kc7 53. Rd4 Bf3 54. Kg6 Rd5 55. Rf4 Kc6 56. Kf6 Bd1 57. Kg6 Bc2+ 58. Kh6 Bd1 59. Ba3 Kd7 60. Re4 Bf3 61. Re7+ Kc6 62. Bc1 Kd6 63. Re1 Kc5 64. Re8 Kc4 65. Bg5 Kd4 66. Kh5 Re5 67. Rd8+ Rd5 68. Rf8 Kd3 69. Re8 Ra5 70. Re3+ Kd4 71. Kh4 Ra2 72. Re7 Kd3 73. Be3 Ke2 74. Re5 Kf1 75. Kg5 Kg2 76. Rc5 Ra8 77. Re5 Rg8+ 78. Kf4 Rf8+ 79. Kg5 Rg8+ 80. Kf4 Rf8+ 81. Kg5 Rg8+ 1/2-1/2